EL SISTEMA DE MARX UN APORTE PARA SU CONSTRUCCION/
TRADUCCION DE: DAS MARXSCHE SYSTEM
Uloženo v:
| Hlavní autor: | |
|---|---|
| Médium: | Kniha |
| Edice: | CUADERNOS DE PASADO Y PRESENTE;
77 |
| Témata: | |
| Tagy: |
Žádné tagy, Buďte první, kdo vytvoří štítek k tomuto záznamu!
|
MARC
| LEADER | 00000nam^a2200000^a^4500 | ||
|---|---|---|---|
| 001 | 000225969 | ||
| 005 | 20250521000000.0 | ||
| 009 | 20260310104147.294 | ||
| 020 | |a 968-23-0472-5 | ||
| 035 | |a 044705 | ||
| 037 | |a Acervo Xavier Clavigero | ||
| 082 | |a 335. 4 |b MOS | ||
| 100 | |a Moszkowska, Natalie |e (autor) | ||
| 245 | 1 | 3 | |a EL SISTEMA DE MARX UN APORTE PARA SU CONSTRUCCION/ |c NATALIE MOSZKOWSKA; TR. IRENE DEL CARRIL |
| 264 | |a MEXICO : |b PRESENTE Y PASADO, |c 1979 | ||
| 300 | |a 165p. 2ej. | ||
| 336 | |a texto |b txt |2 rdacontenido | ||
| 337 | |a sin mediación |b n |2 rdamedio | ||
| 338 | |a volumen |b nc |2 rdasoporte | ||
| 440 | |a CUADERNOS DE PASADO Y PRESENTE; |v 77 | ||
| 520 | |a TRADUCCION DE: DAS MARXSCHE SYSTEM | ||
| 649 | |a XX | ||
| 650 | |a Comunismo | ||
| 650 | |a Capitalismo | ||
| 910 | |a Fondo General | ||
| 920 | |a Impresos - Libros | ||
| 930 | |a Colección General | ||
| 905 | |a 101 | ||
| 901 | |a 044705 |b IT1 |c ACC |i 044705 |u 20250521 | ||
| 901 | |a 029413 |b IT1 |c ACC |i 029413 |u 20250521 | ||
| 902 | |a https://opac.biblio.iteso.mx/vufind/Record/000225969 | ||